<?xml version="1.0" encoding="UTF-8"?>
<record
    xmlns:xsi="http://www.w3.org/2001/XMLSchema-instance"
    xsi:schemaLocation="http://www.loc.gov/MARC21/slim http://www.loc.gov/standards/marcxml/schema/MARC21slim.xsd"
    xmlns="http://www.loc.gov/MARC21/slim">

  <leader>01230nam a22001577a 4500</leader>
  <controlfield tag="003">0</controlfield>
  <controlfield tag="005">20160609165324.0</controlfield>
  <controlfield tag="008">100126t        xxu||||| |||| 00| 0 eng d</controlfield>
  <datafield tag="040" ind1=" " ind2=" ">
    <subfield code="b">Fr</subfield>
    <subfield code="c">BIDOC</subfield>
  </datafield>
  <datafield tag="110" ind1=" " ind2=" ">
    <subfield code="a">International Scientific Cooperation Projects </subfield>
    <subfield code="9">3190</subfield>
  </datafield>
  <datafield tag="245" ind1=" " ind2=" ">
    <subfield code="a">Improving the quality and nutritional status of gari through the use of starter cultures and fortification with soybean, palm oil and coconut milk</subfield>
  </datafield>
  <datafield tag="300" ind1=" " ind2=" ">
    <subfield code="a">81 p.</subfield>
    <subfield code="c">30 cm</subfield>
  </datafield>
  <datafield tag="520" ind1=" " ind2=" ">
    <subfield code="a">This report is the final intermediate progress report covering the activities of the GARISECURE project partners for the period from 1 September 2006 to 28 february 2007, which marks the official completion date of the contract. However, some activities which were delayed by circumstances beyond the control of the project team have also been incorporated in this report. In view of the fact that this report coincides with the end of the project, it is much longer than the prescribed length of the short progress report. It is also accompanied by several annexes which contain substantive project deliverables as well as scientific results of later work packages. </subfield>
  </datafield>
  <datafield tag="653" ind1=" " ind2=" ">
    <subfield code="a">Nutrition</subfield>
    <subfield code="a">Gari</subfield>
    <subfield code="a">Huile de palme</subfield>
    <subfield code="a">Coco</subfield>
    <subfield code="a">Garisecure</subfield>
    <subfield code="a">Valeur nutritive</subfield>
  </datafield>
  <datafield tag="942" ind1=" " ind2=" ">
    <subfield code="c">LIVR</subfield>
  </datafield>
  <datafield tag="999" ind1=" " ind2=" ">
    <subfield code="c">46821</subfield>
    <subfield code="d">46821</subfield>
  </datafield>
  <datafield tag="952" ind1=" " ind2=" ">
    <subfield code="0">0</subfield>
    <subfield code="1">0</subfield>
    <subfield code="4">0</subfield>
    <subfield code="7">0</subfield>
    <subfield code="a">BIDOC</subfield>
    <subfield code="b">BIDOC</subfield>
    <subfield code="d">2010-06-15</subfield>
    <subfield code="l">0</subfield>
    <subfield code="o">NSA.2007.006</subfield>
    <subfield code="r">2010-06-15 00:00:00</subfield>
    <subfield code="t">1</subfield>
    <subfield code="w">2010-06-15</subfield>
    <subfield code="y">LIVR</subfield>
  </datafield>
</record>
